[Event "25th 4NCL Congress"]
[Site "Leamington Spa, United Kingdom"]
[Date "2021.07.10"]
[Round "2.23"]
[White "Freeland, Alexander"]
[Black "Shapland, David"]
[Result "1-0"]
[TimeControl "All moves in 90 minutes + 30 seconds per move"]
[WhiteElo "2003"]
[BlackElo "1759"]

1. d4 {[%clk 01:30:57]} {[%emt 00:02:08]} Nf6 {[%clk 01:30:53]} 2. c4 {[%clk
01:31:21]} e6 {[%clk 01:31:06]} 3. Nc3 {[%clk 01:31:36]} c5 {[%clk 01:31:25]} 4.
Nf3 {[%clk 01:29:34]} b6 {[%clk 01:28:06]} 5. e4 {[%clk 01:26:28]} cxd4 {[%clk
01:25:50]} 6. Nxd4 d6 {[%clk 01:20:53]} 7. g3 {[%clk 01:20:43]} Bb7 {[%clk
01:20:01]} 8. Bg2 {[%clk 01:20:44]} Be7 {[%clk 01:18:28]} 9. O-O {[%clk
01:19:16]} O-O {[%clk 01:18:22]} 10. Re1 {[%clk 01:09:33]} Na6 {[%clk
01:15:29]} 11. e5 {[%clk 01:06:02]} dxe5 {[%clk 01:09:50]} 12. Bxb7 {[%clk
01:05:57]} exd4 {[%clk 01:09:46]} 13. Ne4 {[%clk 00:59:30]} Nxe4 {[%clk
01:08:49]} 14. Rxe4 {[%clk 00:59:29]} Nc5 {[%clk 01:07:49]} 15. Bxa8 {[%clk
00:58:58]} Qxa8 {[%clk 01:07:05]} 16. Rxd4 {[%clk 00:56:51]} Bf6 {[%clk
01:07:01]} 17. Rd2 {[%clk 00:52:20]} Ne4 {[%clk 00:55:49]} 18. Re2 {[%clk
00:50:00]} Qc6 {[%clk 00:54:09]} 19. Qc2 {[%clk 00:47:19]} Nd6 {[%clk
00:53:25]} 20. Bf4 {[%clk 00:46:44]} Nf5 {[%clk 00:52:02]} 21. Qe4 {[%clk
00:40:13]} Qc5 {[%clk 00:48:05]} 22. Rd1 {[%clk 00:36:18]} g5 {[%clk 00:43:08]}
23. Be3 {[%clk 00:28:46]} Nxe3 {[%clk 00:39:56]} 24. Qxe3 {[%clk 00:28:59]}
Qxc4 {[%clk 00:40:00]} 25. b3 {[%clk 00:28:58]} Qb5 {[%clk 00:36:04]} 26. Red2
{[%clk 00:27:17]} Rc8 {[%clk 00:33:59]} 27. Qe4 {[%clk 00:25:40]} Rc7 {[%clk
00:32:10]} 28. Kg2 {[%clk 00:23:54]} Kg7 {[%clk 00:31:51]} 29. Rd3 {[%clk
00:22:14]} {[%emt 00:00:04]} h6 {[%clk 00:30:55]} {[%emt 00:01:22]} 30. a4
{[%clk 00:21:11]} {[%emt 00:01:34]} Qe8 {[%clk 00:30:03]} {[%emt 00:01:21]} 31.
R1d2 {[%clk 00:19:11]} {[%emt 00:02:31]} Qc8 {[%clk 00:30:11]} {[%emt
00:00:23]} 32. Qf3 {[%clk 00:18:29]} {[%emt 00:01:11]} Qe8 {[%clk 00:28:52]}
{[%emt 00:01:49]} 33. h3 {[%clk 00:17:50]} {[%emt 00:01:09]} Qc8 {[%clk
00:29:09]} {[%emt 00:00:13]} 34. Qe2 {[%clk 00:16:10]} {[%emt 00:02:09]} Qb7+
{[%clk 00:29:13]} {[%emt 00:00:28]} 35. Qf3 {[%clk 00:16:27]} {[%emt 00:00:13]}
Qc8 {[%clk 00:29:33]} {[%emt 00:00:10]} 36. Qe2 {[%clk 00:16:44]} {[%emt
00:00:12]} Qb7+ {[%clk 00:29:58]} {[%emt 00:00:05]} 37. Kh2 {[%clk 00:17:08]}
{[%emt 00:00:05]} Qc8 {[%clk 00:28:49]} {[%emt 00:01:39]} 38. Qd1 {[%clk
00:15:12]} {[%emt 00:02:27]} Rc1 {[%clk 00:28:36]} {[%emt 00:00:43]} 39. Qg4
{[%clk 00:15:27]} {[%emt 00:00:15]} Rc7 {[%clk 00:27:03]} {[%emt 00:02:03]} 40.
f4 {[%clk 00:14:47]} {[%emt 00:01:10]} Rc1 {[%clk 00:25:07]} {[%emt 00:02:24]}
41. fxg5 {[%clk 00:14:10]} {[%emt 00:01:09]} hxg5 {[%clk 00:25:12]} {[%emt
00:00:25]} 42. Rf2 {[%clk 00:13:38]} {[%emt 00:01:02]} Rc2 {[%clk 00:20:14]}
{[%emt 00:05:26]} 43. Rdf3 {[%clk 00:11:19]} {[%emt 00:02:51]} Rxf2+ {[%clk
00:19:50]} {[%emt 00:00:54]} 44. Rxf2 {[%clk 00:11:47]} {[%emt 00:00:02]} Qc3
{[%clk 00:19:32]} {[%emt 00:00:46]} 45. Qf3 {[%clk 00:05:49]} {[%emt 00:06:30]}
Qxf3 {[%clk 00:19:52]} {[%emt 00:00:10]} 46. Rxf3 {[%clk 00:06:11]} {[%emt
00:00:07]} a5 {[%clk 00:18:36]} {[%emt 00:01:46]} 47. Rd3 {[%clk 00:06:13]}
{[%emt 00:00:28]} Be7 {[%clk 00:18:54]} {[%emt 00:00:12]} 48. Kg2 {[%clk
00:06:31]} {[%emt 00:00:12]} Bc5 {[%clk 00:19:06]} {[%emt 00:00:18]} 49. Rd7
{[%clk 00:05:41]} {[%emt 00:01:19]} Kf6 {[%clk 00:18:49]} {[%emt 00:00:48]} 50.
Kf3 {[%clk 00:06:05]} {[%emt 00:00:07]} Kg6 {[%clk 00:17:44]} {[%emt 00:01:33]}
51. Ke4 {[%clk 00:05:42]} {[%emt 00:00:54]} Bf2 {[%clk 00:17:08]} {[%emt
00:01:05]} 52. Rd3 {[%clk 00:06:01]} {[%emt 00:00:11]} Bc5 {[%clk 00:16:45]}
{[%emt 00:00:54]} 53. Ke5 {[%clk 00:06:17]} {[%emt 00:00:13]} Be7 {[%clk
00:16:09]} {[%emt 00:01:06]} 54. Rf3 {[%clk 00:06:22]} {[%emt 00:00:25]} Bc5
{[%clk 00:15:53]} {[%emt 00:00:47]} 55. Rf6+ {[%clk 00:06:07]} {[%emt
00:00:45]} Kg7 {[%clk 00:16:09]} {[%emt 00:00:14]} 56. Rf1 {[%clk 00:06:33]}
{[%emt 00:00:04]} Kg6 {[%clk 00:16:20]} {[%emt 00:00:19]} 57. h4 {[%clk
00:06:56]} {[%emt 00:00:07]} gxh4 {[%clk 00:16:23]} {[%emt 00:00:28]} 58. gxh4
{[%clk 00:07:19]} {[%emt 00:00:06]} Be3 {[%clk 00:14:49]} {[%emt 00:02:04]} 59.
h5+ {[%clk 00:07:35]} {[%emt 00:00:14]} Kg7 {[%clk 00:15:07]} {[%emt 00:00:12]}
60. Rf3 {[%clk 00:07:38]} {[%emt 00:00:27]} Bd2 {[%clk 00:15:12]} {[%emt
00:00:25]} 61. Rg3+ {[%clk 00:07:53]} {[%emt 00:00:15]} Kh6 {[%clk 00:15:23]}
{[%emt 00:00:19]} 62. Kf6 {[%clk 00:08:10]} {[%emt 00:00:13]} Kxh5 {[%clk
00:15:24]} {[%emt 00:00:29]} 63. Kxf7 {[%clk 00:08:32]} {[%emt 00:00:07]} Bf4
{[%clk 00:15:41]} {[%emt 00:00:13]} 64. Rg1 {[%clk 00:08:34]} {[%emt 00:00:29]}
e5 {[%clk 00:15:58]} {[%emt 00:00:13]} 65. Kf6 {[%clk 00:08:58]} {[%emt
00:00:06]} Kh4 {[%clk 00:15:16]} {[%emt 00:01:12]} 66. Kf5 {[%clk 00:09:18]}
{[%emt 00:00:09]} Kh3 {[%clk 00:14:40]} {[%emt 00:01:06]} 67. Rg6 {[%clk
00:08:43]} {[%emt 00:01:05]} 1-0

[Event "25th 4NCL Congress"]
[Site "Leamington Spa, United Kingdom"]
[Date "2021.07.10"]
[Round "2.24"]
[White "Moyse, Nigel J"]
[Black "Jukes, Sam"]
[Result "1-0"]
[TimeControl "All moves in 90 minutes + 30 seconds per move"]
[WhiteElo "2036"]
[BlackElo "1871"]

1. d4 {[%clk 01:30:48]} {[%emt 00:00:02]} Nf6 {[%clk 01:30:54]} 2. c4 {[%clk
01:29:16]} c5 {[%clk 01:31:04]} 3. d5 {[%clk 01:29:03]} b5 {[%clk 01:31:20]} 4.
a4 {[%clk 01:28:38]} bxc4 {[%clk 01:29:35]} 5. Nc3 {[%clk 01:28:54]} g6 {[%clk
01:15:30]} 6. e4 {[%clk 01:28:50]} d6 {[%clk 01:15:41]} 7. Bxc4 {[%clk
01:29:06]} Bg7 {[%clk 01:15:38]} 8. Nge2 {[%clk 01:18:02]} O-O {[%clk
01:14:37]} 9. Ng3 {[%clk 01:18:15]} h5 {[%clk 01:09:24]} 10. Nge2 {[%clk
01:10:28]} Nbd7 {[%clk 00:59:23]} 11. Nf4 {[%clk 00:57:39]} Ne5 {[%clk
00:56:40]} 12. Be2 {[%clk 00:57:31]} Rb8 {[%clk 00:54:49]} 13. O-O {[%clk
00:52:55]} Rb4 {[%clk 00:42:50]} 14. Nd3 {[%clk 00:47:13]} Nxd3 {[%clk
00:41:39]} 15. Qxd3 {[%clk 00:47:08]} Bg4 {[%clk 00:36:13]} 16. f3 {[%clk
00:44:57]} Bd7 {[%clk 00:36:19]} 17. Qc2 {[%clk 00:44:11]} Qc7 {[%clk
00:32:35]} 18. Bd2 {[%clk 00:40:36]} Nh7 {[%clk 00:23:34]} 19. Nd1 {[%clk
00:38:16]} Bd4+ {[%clk 00:23:06]} 20. Kh1 {[%clk 00:38:10]} Rbb8 {[%clk
00:22:01]} 21. Bc3 {[%clk 00:35:59]} Bxc3 {[%clk 00:21:45]} 22. bxc3 {[%clk
00:33:09]} a5 {[%clk 00:19:53]} 23. Ne3 {[%clk 00:30:50]} Nf6 {[%clk 00:19:01]}
24. Rfb1 {[%clk 00:25:08]} {[%emt 00:04:53]} h4 {[%clk 00:17:18]} {[%emt
00:02:13]} 25. Bb5 {[%clk 00:22:48]} {[%emt 00:02:50]} Bxb5 {[%clk 00:05:19]}
{[%emt 00:12:29]} 26. axb5 {[%clk 00:20:51]} {[%emt 00:02:27]} Nd7 {[%clk
00:04:31]} {[%emt 00:01:18]} 27. Nc4 {[%clk 00:20:31]} {[%emt 00:00:49]} Ra8
{[%clk 00:02:41]} {[%emt 00:02:20]} 28. b6 {[%clk 00:20:13]} {[%emt 00:00:48]}
Qb7 {[%clk 00:02:22]} {[%emt 00:00:49]} 29. Rxa5 {[%clk 00:19:29]} {[%emt
00:01:14]} Ra6 {[%clk 00:01:15]} {[%emt 00:01:37]} 30. Qa4 {[%clk 00:16:57]}
{[%emt 00:03:01]} Rfa8 {[%clk 00:01:02]} {[%emt 00:00:43]} 31. Rxa6 {[%clk
00:16:53]} {[%emt 00:00:34]} Qxa6 {[%clk 00:00:37]} {[%emt 00:00:56]} 32. Qxd7
{[%clk 00:15:31]} {[%emt 00:01:51]} Qxc4 {[%clk 00:00:34]} {[%emt 00:00:33]} 33.
b7 {[%clk 00:15:41]} {[%emt 00:00:20]} Rf8 {[%clk 00:00:32]} {[%emt 00:00:33]}
34. Qxe7 {[%clk 00:15:03]} {[%emt 00:01:07]} 1-0

[Event "25th 4NCL Congress"]
[Site "Leamington Spa, United Kingdom"]
[Date "2021.07.09"]
[Round "1.2"]
[White "Paterson, Andrew I"]
[Black "Arkell, Keith C"]
[Result "0-1"]
[TimeControl "All moves in 90 minutes + 30 seconds per move"]
[WhiteElo "2046"]
[BlackElo "2381"]

1. e4 {[%clk 01:30:53]} {[%emt 00:00:06]} g6 {[%clk 01:30:37]} {[%emt
00:00:24]} 2. d4 {[%clk 01:31:12]} {[%emt 00:00:10]} Bg7 {[%clk 01:31:02]}
{[%emt 00:00:05]} 3. Nc3 {[%clk 01:29:19]} {[%emt 00:02:23]} c6 {[%clk
01:31:27]} {[%emt 00:00:06]} 4. f4 {[%clk 01:29:38]} {[%emt 00:00:11]} d5
{[%clk 01:31:32]} {[%emt 00:00:25]} 5. e5 {[%clk 01:27:41]} {[%emt 00:02:26]}
h5 {[%clk 01:31:57]} {[%emt 00:00:06]} 6. Be3 {[%clk 01:25:37]} {[%emt
00:02:33]} Nh6 {[%clk 01:32:19]} {[%emt 00:00:09]} 7. Qd2 {[%clk 01:25:08]}
{[%emt 00:00:58]} Ng4 {[%clk 01:32:21]} {[%emt 00:00:29]} 8. O-O-O {[%clk
01:24:59]} {[%emt 00:00:38]} Qa5 {[%clk 01:31:41]} {[%emt 00:01:11]} 9. Kb1
{[%clk 01:24:34]} {[%emt 00:00:54]} Bf5 {[%clk 01:28:00]} {[%emt 00:04:13]} 10.
Nf3 {[%clk 01:23:16]} {[%emt 00:01:47]} b5 {[%clk 01:27:51]} {[%emt 00:00:41]}
11. Bg1 {[%clk 01:10:29]} {[%emt 00:13:16]} Nd7 {[%clk 01:27:06]} {[%emt
00:01:16]} 12. h3 {[%clk 01:09:23]} {[%emt 00:01:35]} Nh6 {[%clk 01:27:32]}
{[%emt 00:00:05]} 13. Bf2 {[%clk 01:04:28]} {[%emt 00:05:25]} Nb6 {[%clk
01:24:10]} {[%emt 00:03:54]} 14. Ne2 {[%clk 00:58:12]} {[%emt 00:06:43]} Qxd2
{[%clk 01:22:29]} {[%emt 00:02:12]} 15. Nxd2 {[%clk 00:58:27]} {[%emt
00:00:14]} a5 {[%clk 01:21:20]} {[%emt 00:01:40]} 16. Nb3 {[%clk 00:51:11]}
{[%emt 00:07:45]} a4 {[%clk 01:18:42]} {[%emt 00:03:09]} 17. Nc5 {[%clk
00:51:29]} {[%emt 00:00:11]} Nc4 {[%clk 01:19:02]} {[%emt 00:00:11]} 18. Nc1
{[%clk 00:49:15]} {[%emt 00:02:43]} f6 {[%clk 01:13:05]} {[%emt 00:06:28]} 19.
N1d3 {[%clk 00:47:02]} {[%emt 00:02:42]} Nf7 {[%clk 01:12:19]} {[%emt
00:01:17]} 20. Nb4 {[%clk 00:46:12]} {[%emt 00:01:20]} Nd8 {[%clk 01:05:59]}
{[%emt 00:06:50]} 21. Be2 {[%clk 00:42:24]} {[%emt 00:04:18]} h4 {[%clk
01:06:10]} {[%emt 00:00:20]} 22. b3 {[%clk 00:34:36]} {[%emt 00:08:17]} Nb6
{[%clk 01:00:34]} {[%emt 00:06:07]} 23. Bd3 {[%clk 00:33:17]} {[%emt 00:01:48]}
Bxd3 {[%clk 00:59:58]} {[%emt 00:01:07]} 24. Nbxd3 {[%clk 00:30:04]} {[%emt
00:03:42]} f5 {[%clk 00:56:24]} {[%emt 00:04:05]} 25. Ne1 {[%clk 00:28:28]}
{[%emt 00:02:06]} Bh6 {[%clk 00:54:30]} {[%emt 00:02:25]} 26. Nf3 {[%clk
00:26:51]} {[%emt 00:02:07]} Bxf4 {[%clk 00:53:46]} {[%emt 00:01:14]} 27. Nxh4
{[%clk 00:27:00]} {[%emt 00:00:20]} Kf7 {[%clk 00:53:48]} {[%emt 00:00:29]} 28.
Nf3 {[%clk 00:26:07]} {[%emt 00:01:21]} Ne6 {[%clk 00:51:27]} {[%emt 00:02:52]}
29. Nxe6 {[%clk 00:21:13]} {[%emt 00:05:23]} Kxe6 {[%clk 00:51:50]} {[%emt
00:00:08]} 30. g3 {[%clk 00:19:46]} {[%emt 00:01:57]} Bh6 {[%clk 00:52:13]}
{[%emt 00:00:06]} 31. Be1 {[%clk 00:16:36]} {[%emt 00:03:41]} Nd7 {[%clk
00:48:44]} {[%emt 00:04:00]} 32. Bd2 {[%clk 00:15:53]} {[%emt 00:01:12]} Nf8
{[%clk 00:48:09]} {[%emt 00:01:05]} 33. Bxh6 {[%clk 00:11:03]} {[%emt
00:05:20]} Rxh6 {[%clk 00:48:35]} {[%emt 00:00:03]} 34. Ng5+ {[%clk 00:11:26]}
{[%emt 00:00:08]} Kd7 {[%clk 00:49:00]} {[%emt 00:00:06]} 35. g4 {[%clk
00:09:02]} {[%emt 00:02:53]} Ne6 {[%clk 00:46:47]} {[%emt 00:02:43]} 36. Nxe6
{[%clk 00:06:29]} {[%emt 00:03:03]} Kxe6 {[%clk 00:47:12]} {[%emt 00:00:05]} 37.
c3 {[%clk 00:06:22]} {[%emt 00:00:37]} axb3 {[%clk 00:40:58]} {[%emt 00:06:45]}
38. axb3 {[%clk 00:06:48]} {[%emt 00:00:04]} Rah8 {[%clk 00:36:43]} {[%emt
00:04:44]} 39. gxf5+ {[%clk 00:07:11]} {[%emt 00:00:07]} gxf5 {[%clk 00:37:09]}
{[%emt 00:00:04]} 40. Rd3 {[%clk 00:07:29]} {[%emt 00:00:12]} f4 {[%clk
00:36:43]} {[%emt 00:00:56]} 41. Kb2 {[%clk 00:07:23]} {[%emt 00:00:36]} Kf5
{[%clk 00:36:57]} {[%emt 00:00:16]} 42. Rf3 {[%clk 00:07:36]} {[%emt 00:00:16]}
Rg6 {[%clk 00:35:06]} {[%emt 00:02:22]} 43. Rhf1 {[%clk 00:07:55]} {[%emt
00:00:10]} Rh4 {[%clk 00:35:19]} {[%emt 00:00:18]} 44. Ka3 {[%clk 00:07:25]}
{[%emt 00:01:01]} Ke4 {[%clk 00:34:49]} {[%emt 00:01:00]} 45. Kb4 {[%clk
00:04:12]} {[%emt 00:03:42]} Rg3 {[%clk 00:35:10]} {[%emt 00:00:09]} 0-1

[Event "25th 4NCL Congress"]
[Site "Leamington Spa, United Kingdom"]
[Date "2021.07.09"]
[Round "1.3"]
[White "Willow, Jonah B"]
[Black "Finn, Peter"]
[Result "1/2-1/2"]
[TimeControl "All moves in 90 minutes + 30 seconds per move"]
[WhiteElo "2386"]
[BlackElo "1959"]

1. e4 {[%clk 01:30:57]} {[%emt 00:00:02]} c5 {[%clk 01:30:56]} {[%emt
00:00:05]} 2. Nf3 {[%clk 01:31:16]} {[%emt 00:00:11]} Nc6 {[%clk 01:31:21]}
{[%emt 00:00:05]} 3. d4 {[%clk 01:31:29]} {[%emt 00:00:16]} cxd4 {[%clk
01:31:46]} {[%emt 00:00:06]} 4. Nxd4 {[%clk 01:31:56]} {[%emt 00:00:03]} Nf6
{[%clk 01:32:08]} {[%emt 00:00:07]} 5. Nc3 {[%clk 01:32:20]} {[%emt 00:00:06]}
e5 {[%clk 01:32:34]} {[%emt 00:00:04]} 6. Ndb5 {[%clk 01:32:35]} {[%emt
00:00:16]} d6 {[%clk 01:32:57]} {[%emt 00:00:07]} 7. Bg5 {[%clk 01:32:45]}
{[%emt 00:00:20]} a6 {[%clk 01:33:21]} {[%emt 00:00:06]} 8. Na3 {[%clk
01:33:12]} {[%emt 00:00:03]} b5 {[%clk 01:33:45]} {[%emt 00:00:05]} 9. Nd5
{[%clk 01:33:38]} {[%emt 00:00:05]} Be7 {[%clk 01:34:10]} {[%emt 00:00:05]} 10.
Bxf6 {[%clk 01:33:55]} {[%emt 00:00:12]} Bxf6 {[%clk 01:34:34]} {[%emt
00:00:05]} 11. c4 {[%clk 01:34:01]} {[%emt 00:00:24]} b4 {[%clk 01:35:00]}
{[%emt 00:00:05]} 12. Nc2 {[%clk 01:34:27]} {[%emt 00:00:03]} O-O {[%clk
01:35:13]} {[%emt 00:00:16]} 13. g3 {[%clk 01:34:07]} {[%emt 00:00:51]} a5
{[%clk 01:34:43]} {[%emt 00:01:00]} 14. Bg2 {[%clk 01:34:03]} {[%emt 00:00:33]}
Be6 {[%clk 01:34:21]} {[%emt 00:00:53]} 15. O-O {[%clk 01:33:52]} {[%emt
00:00:41]} Bg5 {[%clk 01:33:41]} {[%emt 00:01:11]} 16. b3 {[%clk 01:33:59]}
{[%emt 00:00:22]} Qb8 {[%clk 01:32:28]} {[%emt 00:01:43]} 17. Qd3 {[%clk
01:32:08]} {[%emt 00:02:22]} Bd8 {[%clk 01:31:57]} {[%emt 00:01:01]} 18. Nde3
{[%clk 01:29:26]} {[%emt 00:03:11]} Bb6 {[%clk 01:27:45]} {[%emt 00:04:43]} 19.
Kh1 {[%clk 01:26:38]} {[%emt 00:03:17]} a4 {[%clk 01:08:55]} {[%emt 00:19:20]}
20. f4 {[%clk 01:24:11]} {[%emt 00:02:57]} f6 {[%clk 01:08:15]} {[%emt
00:01:10]} 21. Nf5 {[%clk 01:24:01]} {[%emt 00:00:40]} Bc5 {[%clk 00:58:46]}
{[%emt 00:09:59]} 22. Rfd1 {[%clk 01:17:40]} {[%emt 00:06:50]} g6 {[%clk
00:50:40]} {[%emt 00:08:36]} 23. Nfe3 {[%clk 01:14:36]} {[%emt 00:03:34]} Kg7
{[%clk 00:46:34]} {[%emt 00:04:36]} 24. f5 {[%clk 01:12:49]} {[%emt 00:02:17]}
Bg8 {[%clk 00:35:28]} {[%emt 00:11:36]} 25. h4 {[%clk 01:10:42]} {[%emt
00:02:37]} Rf7 {[%clk 00:28:49]} {[%emt 00:07:10]} 26. Ng4 {[%clk 00:57:26]}
{[%emt 00:13:45]} Nd4 {[%clk 00:04:59]} {[%emt 00:24:21]} 27. Qd2 {[%clk
00:38:18]} {[%emt 00:19:39]} Nxc2 {[%clk 00:03:37]} {[%emt 00:01:52]} 28. fxg6
{[%clk 00:36:09]} {[%emt 00:02:39]} Ne3 {[%clk 00:03:31]} {[%emt 00:00:35]} 29.
gxf7 {[%clk 00:31:55]} {[%emt 00:04:44]} Nxg4 {[%clk 00:03:55]} {[%emt
00:00:06]} 30. fxg8=Q+ {[%clk 00:32:21]} {[%emt 00:00:05]} Qxg8 {[%clk
00:03:29]} {[%emt 00:00:57]} 31. Bf3 {[%clk 00:19:45]} {[%emt 00:13:05]} Nf2+
{[%clk 00:03:53]} {[%emt 00:00:06]} 32. Kg2 {[%clk 00:20:08]} {[%emt 00:00:06]}
Nxd1 {[%clk 00:04:18]} {[%emt 00:00:05]} 33. Bxd1 {[%clk 00:20:20]} {[%emt
00:00:18]} axb3 {[%clk 00:04:14]} {[%emt 00:00:35]} 34. Bxb3 {[%clk 00:20:46]}
{[%emt 00:00:04]} Kh8 {[%clk 00:03:05]} {[%emt 00:01:38]} 35. Qe2 {[%clk
00:20:05]} {[%emt 00:01:11]} Qg6 {[%clk 00:02:33]} {[%emt 00:01:02]} 36. Rf1
{[%clk 00:20:03]} {[%emt 00:00:32]} Rf8 {[%clk 00:02:23]} {[%emt 00:00:39]} 37.
Rf5 {[%clk 00:20:03]} {[%emt 00:00:31]} Qh6 {[%clk 00:01:16]} {[%emt 00:01:38]}
38. Qf3 {[%clk 00:18:34]} {[%emt 00:01:58]} Qd2+ {[%clk 00:01:04]} {[%emt
00:00:42]} 39. Kh3 {[%clk 00:18:32]} {[%emt 00:00:31]} Qe3 {[%clk 00:01:22]}
{[%emt 00:00:13]} 40. Qxe3 {[%clk 00:17:45]} {[%emt 00:01:17]} Bxe3 {[%clk
00:01:47]} {[%emt 00:00:05]} 41. Rf3 {[%clk 00:18:09]} {[%emt 00:00:07]} Bc5
{[%clk 00:02:07]} {[%emt 00:00:10]} 42. Kg4 {[%clk 00:18:32]} {[%emt 00:00:07]}
Kg7 {[%clk 00:02:04]} {[%emt 00:00:33]} 43. Kf5 {[%clk 00:18:43]} {[%emt
00:00:19]} Kf7 {[%clk 00:02:06]} {[%emt 00:00:28]} 44. Kg4 {[%clk 00:16:51]}
{[%emt 00:02:21]} 1/2-1/2

[Event "25th 4NCL Congress"]
[Site "Leamington Spa, United Kingdom"]
[Date "2021.07.09"]
[Round "1.4"]
[White "Farrington, Edward J"]
[Black "Wells, Peter K"]
[Result "0-1"]
[TimeControl "All moves in 90 minutes + 30 seconds per move"]
[WhiteElo "1983"]
[BlackElo "2397"]

1. d3 {[%clk 01:30:54]} {[%emt 00:00:06]} e5 {[%clk 01:26:57]} {[%emt
00:04:04]} 2. d4 {[%clk 01:31:18]} {[%emt 00:00:06]} exd4 {[%clk 01:27:11]}
{[%emt 00:00:16]} 3. c3 {[%clk 01:31:42]} {[%emt 00:00:05]} dxc3 {[%clk
01:26:44]} {[%emt 00:00:57]} 4. Nxc3 {[%clk 01:32:06]} {[%emt 00:00:06]} Nc6
{[%clk 01:25:38]} {[%emt 00:01:36]} 5. e4 {[%clk 01:32:21]} {[%emt 00:00:16]}
Bb4 {[%clk 01:23:38]} {[%emt 00:02:31]} 6. Bd3 {[%clk 01:32:26]} {[%emt
00:00:24]} d5 {[%clk 01:15:11]} {[%emt 00:08:57]} 7. Qe2 {[%clk 01:11:49]}
{[%emt 00:21:07]} d4 {[%clk 01:11:22]} {[%emt 00:04:19]} 8. a3 {[%clk
01:10:08]} {[%emt 00:02:11]} Ba5 {[%clk 01:09:34]} {[%emt 00:02:18]} 9. b4
{[%clk 01:08:34]} {[%emt 00:02:04]} Nxb4 {[%clk 01:09:07]} {[%emt 00:00:57]} 10.
axb4 {[%clk 01:08:23]} {[%emt 00:00:40]} Bxb4 {[%clk 01:09:33]} {[%emt
00:00:05]} 11. Rb1 {[%clk 01:08:12]} {[%emt 00:00:42]} Bxc3+ {[%clk 01:09:01]}
{[%emt 00:01:01]} 12. Bd2 {[%clk 01:08:34]} {[%emt 00:00:07]} Bxd2+ {[%clk
01:04:35]} {[%emt 00:04:57]} 13. Qxd2 {[%clk 01:08:36]} {[%emt 00:00:27]} Ne7
{[%clk 01:01:37]} {[%emt 00:03:28]} 14. Ne2 {[%clk 01:05:52]} {[%emt 00:03:14]}
c5 {[%clk 00:56:22]} {[%emt 00:05:46]} 15. O-O {[%clk 01:05:17]} {[%emt
00:01:03]} O-O {[%clk 00:50:57]} {[%emt 00:05:56]} 16. f4 {[%clk 01:02:41]}
{[%emt 00:03:06]} f5 {[%clk 00:46:38]} {[%emt 00:04:49]} 17. Ng3 {[%clk
01:00:33]} {[%emt 00:02:38]} b6 {[%clk 00:42:00]} {[%emt 00:05:09]} 18. exf5
{[%clk 00:56:25]} {[%emt 00:04:37]} Nxf5 {[%clk 00:35:51]} {[%emt 00:06:40]} 19.
Be4 {[%clk 00:52:57]} {[%emt 00:03:58]} Nxg3 {[%clk 00:33:22]} {[%emt
00:02:59]} 20. hxg3 {[%clk 00:50:54]} {[%emt 00:02:33]} Bf5 {[%clk 00:33:35]}
{[%emt 00:00:17]} 21. Bxa8 {[%clk 00:49:32]} {[%emt 00:01:52]} Bxb1 {[%clk
00:33:53]} {[%emt 00:00:12]} 22. Bf3 {[%clk 00:49:51]} {[%emt 00:00:11]} Bg6
{[%clk 00:33:35]} {[%emt 00:00:49]} 23. Qa2+ {[%clk 00:49:42]} {[%emt
00:00:39]} Kh8 {[%clk 00:33:29]} {[%emt 00:00:36]} 24. Qxa7 {[%clk 00:49:58]}
{[%emt 00:00:15]} d3 {[%clk 00:31:46]} {[%emt 00:02:13]} 25. Ra1 {[%clk
00:49:42]} {[%emt 00:00:46]} d2 {[%clk 00:31:04]} {[%emt 00:01:12]} 26. Qa2
{[%clk 00:45:59]} {[%emt 00:04:12]} Qd4+ {[%clk 00:27:18]} {[%emt 00:04:17]} 27.
Kh2 {[%clk 00:46:10]} {[%emt 00:00:18]} Rd8 {[%clk 00:25:02]} {[%emt 00:02:46]}
0-1